000 00299nam a22001217a 4500
008 180904b xxu||||| |||| 00| 0 eng d
041 _aeng
080 _a611
100 _a4
101 _aSHM
245 _aMedical. Psychosocial and Vocational Aspects of Disabikity
_cBrodwin, M,G
942 _2udc
_cBK
999 _c47496
_d47496